Analysis of vertebrate populations

Tallennettuna:
Bibliografiset tiedot
Päätekijä: Caughley, Graeme (Tekijä)
Aineistotyyppi: Kirja
Kieli:englanti
Julkaistu: Chichester John Wiley 1977
Aiheet:
Tagit: Lisää tagi
Ei tageja, Lisää ensimmäinen tagi!

MARC

LEADER 00000nam a2200000 a 4500
001 UCY3224
003 CL-VaPUC
008 941219e19770000UK |||||||||||||||||eng|d
082 0 4 |a 596.0524  |b CAU  |2 21 
100 0 |a Caughley, Graeme  |e author  |9 331489 
245 1 0 |a Analysis of vertebrate populations 
300 |a 234 p 
942 |c BK 
945 |d 19941219 00:00:00  |a mfernand 
260 |a Chichester  |b John Wiley  |c 1977 
650 7 |a POBLACION ANIMAL  |2 CL-VaPUC  |9 261591 
650 0 |a Vertebrados  |x Ecología  |9 331490 
583 |a last modification  |c 19941219 00:00:00  |k Rodrigo Vera 
999 |c 231429  |d 231427 
952 |0 0  |1 0  |2 ddc  |4 0  |6 596_052400000000000_CAU_1977  |7 0  |8 CCM  |9 234681  |a BIBCUR  |b BIBCUR  |c PAC  |d 2019-11-15  |i 3044505  |o 596.0524 CAU 1977  |p 3044505  |r 2025-04-22  |w 2019-11-15  |y BK  |k CIM